X Ambassadors Charting Songs (Billboard Hot Rock) - Statistics

General Stats
  • This quiz has been taken 3 times
  • The average score is 6 of 10
Answer Stats
Album Weeks On Peak Artist(s) Song % Correct
Orion 9 Weeks #24 X Ambassadors BOOM
100%
VHS 20 Weeks #10 Jamie N Commons & X Ambassadors Jungle
100%
VHS 52 Weeks #1 X Ambassadors Renegades
100%
Suicide Squad: The Album 46 Weeks #3 Lil Wayne, Wiz Khalifa & Imagine Dragons with Logic & Ty Dolla $ign ft. X Ambassadors Sucker for Pain
100%
VHS 72 Weeks #2 X Ambassadors Unsteady
100%
Orion 1 Week #47 X Ambassadors Hey Child
33%
Orion 8 Weeks #24 X Ambassadors Hold You Down
33%
Non-Album Single 20 Weeks #24 X Ambassadors Ahead of Myself
0%
Non-Album Single 1 Week #34 X Ambassadors Great Unknown
0%
Non-Album Single 19 Weeks #10 Alex Da Kid ft. X Ambassadors, Elle King & Wiz Khalifa Not Easy
0%
No matching quizzes found
Score Distribution
Percent of People with Each Score
Percentile by Number Answered
Your Score History
You have not taken this quiz